15 Największych Miast w Nadrenii Północnej-Westfalii - Statystyki

Ogólne statystyki
  • Ten quiz został rozwiązany 17 razy
  • Średni wynik to 10 z 15
Odpowiedzi na mapie
Odpowiedzi zakodowano w zielono-czerwonej skali na mapie do tego quizu, zgodnie z poniższymi procentami.
 
Statystyki odpowiedzi
Miasto Populacja % Poprawnych
Dortmund 600k
100%
Kolonia 1 mln
100%
Essen 580k
91%
Bonn 320k
82%
Dusseldorf 620k
82%
Akwizgran 260k
73%
Duisburg 500k
73%
Gelsenkirchen 270k
64%
Wuppertal 360k
64%
Bielefeld 330k
55%
Bochum 360k
55%
Munster 310k
55%
Monchengladbach 270k
45%
Oberhausen 210k
18%
Krefeld 230k
9%
Nie znaleziono quizów pasujących do podanych kryteriów
Rozkład punktacji
Procent ludzi z każdym wynikiem
Percentyl według liczby udzielonych odpowiedzi
Twoja historia wyników
Nie rozwiązałeś tego quizu